Worst States for LGBTQ+ People to live - Statistics

General Stats
  • This quiz has been taken 564 times
  • The average score is 12 of 15
Answer Stats
Safety Grade Answer % Correct
62.3 Texas
96%
55.8 Alabama
88%
47.5 Florida
85%
59.8 Mississippi
83%
63.6 Idaho
76%
65.4 Kansas
76%
59 Kentucky
76%
53.7 Ohio
76%
62.7 Louisiana
74%
46.8 South Dakota
74%
53.5 Wyoming
73%
63.1 North Carolina
71%
56.2 West Virginia
71%
58.7 Arizona
70%
61.7 Indiana
68%
No matching quizzes found
Score Distribution
Percent of People with Each Score
Percentile by Number Answered
Your Score History
You have not taken this quiz